000
00200 a2200097 4500
001
3532
100
_a
T.E.S
245
_a
Intelligence testing
260
_a
_b
Time publishing
_c
090
_c
2797
_d
2797
942
_a
NUST-CAE
_c
M
_c
19968
999
_c
238605
_d
238605